Accurate Business Forecasting
Na minha lista:
| Formato: | Livro |
|---|---|
| Idioma: | inglês |
| Publicado em: |
Boston
Harvard Business Review
1991
|
| Edição: | 1. ed. |
| Colecção: | Harvard Business Review Paperback Books
|
| Assuntos: | |
| Tags: |
Sem tags, seja o primeiro a adicionar uma tag!
|
MARC
| LEADER | 00000nam a2200000 4500 | ||
|---|---|---|---|
| 001 | c014321 | ||
| 005 | 20221206114408.6 | ||
| 020 | |a 0-87584-291-7 | ||
| 041 | 0 | |a eng | |
| 044 | |a US | ||
| 245 | 1 | 0 | |a Accurate Business Forecasting |
| 250 | |a 1. ed. | ||
| 264 | 1 | |a Boston |b Harvard Business Review |c 1991 | |
| 300 | |a 101 s. | ||
| 490 | 1 | |a Harvard Business Review Paperback Books | |
| 830 | 0 | |a Harvard Business Review Paperback Books | |
| 610 | 2 | 0 | |a predvídanie |
| 610 | 2 | 0 | |a prognózy hospodárske |
| 610 | 2 | 0 | |a prognózovanie |
| 610 | 2 | 0 | |a prognózy |
| 610 | 2 | 0 | |a obchod |